000 01367nam a22002657a 4500
005 20170124103111.0
010 _aA-828796
020 _c30.00
035 _aA-828796
037 _bCen Lib/Ret
040 _aDPL
_bHN
082 _a330.01
_bखिमेस
100 _aखिमेसरा, ज्ञानचन्द
_944529
245 _aडॉ.आंबेडकर का आर्थिक चिन्तन /
_cज्ञानचन्द खिमेसरा
246 _aAmbedkar ka aarthik chintan /
_bby Gyanchand Khimesra
260 _aभोपाल
_bमध्यप्रदेश हिन्दी ग्रन्थ अकादमी
_c1995
270 _bभोपाल
_aरवीन्द्रनाथ ठाकुर मार्ग
_e462003
300 _a146पृ.
_c20सेमी(सजिल्द)
500 _a अनुक्रमाणिका और संदर्भ शामिल
650 _aअंबेडकर -- राज्य समाजवाद
_966897
650 _aअंबेडकर -- आर्थिक चिन्तन का स्वरुप
_979710
650 _aAmbedkar - state socialism
_979711
650 _aAmbedkar - the nature of economic thought
_979712
942 _2ddc
_cHN
_h330.01
_mखिमेस
999 _c118361
_d118361